| 000 | 00356 a2200169 4500 | ||
|---|---|---|---|
| 001 | 184969 | ||
| 020 | _a85-16-02213-7 | ||
| 040 | _cMagnum | ||
| 100 | _aBandeira, Pedro | ||
| 240 | 1 | 0 |
_aO pequeno lobisomem _lpor |
| 245 | 1 | 0 | _aO pequeno lobisomem |
| 300 | _a48 | ||
| 362 | 0 | _a1998 | |
| 440 | 1 | _aModerna | |
| 697 | _aLITERATURA INFANTO | ||
| 942 | _cBK | ||
| 999 |
_c184969 _d184969 |
||